Symplectic geometry and quantum mechanics / (Record no. 29941)
[ view plain ]
| 000 -LEADER | |
|---|---|
| fixed length control field | 00793 a2200193 4500 |
| 020 ## - INTERNATIONAL STANDARD BOOK NUMBER | |
| International Standard Book Number | 3764375744 |
| 020 ## - INTERNATIONAL STANDARD BOOK NUMBER | |
| International Standard Book Number | 9783764375744 |
| 082 ## - DEWEY DECIMAL CLASSIFICATION NUMBER | |
| Classification number | 516.362 |
| 090 ## - LOCALLY ASSIGNED LC-TYPE CALL NUMBER (OCLC); LOCAL CALL NUMBER (RLIN) | |
| -- | 1328 |
| -- | 1328 |
| 100 1# - MAIN ENTRY--PERSONAL NAME | |
| Personal name | Gosson, Maurice A. de. |
| 245 10 - TITLE STATEMENT | |
| Title | Symplectic geometry and quantum mechanics / |
| Statement of responsibility, etc. | Maurice A. de Gosson. |
| 260 ## - PUBLICATION, DISTRIBUTION, ETC. | |
| Place of publication, distribution, etc. | [S.l.] : |
| Name of publisher, distributor, etc. | Birkh�user Basel, |
| Date of publication, distribution, etc. | 2006. |
| 300 ## - PHYSICAL DESCRIPTION | |
| Extent | 367 p. ; |
| Dimensions | 26 cm. |
| 490 1# - SERIES STATEMENT | |
| Series statement | Operator theory: advances and applications / advances in partial differential equations. |
| 700 ## - ADDED ENTRY--PERSONAL NAME | |
| Personal name | Gosson, Maurice A. de. |
| 830 #0 - SERIES ADDED ENTRY--UNIFORM TITLE | |
| Uniform title | Operator theory: advances and applications / advances in partial differential equations. |
| 942 ## - ADDED ENTRY ELEMENTS (KOHA) | |
| Institution code [OBSOLETE] | SNS |
| Koha item type | Book |
| Call number prefix | 516.362 GOS |
| Withdrawn status | Lost status | Damaged status | Not for loan | Permanent Location | Current Location | Date acquired | Total Checkouts | Full call number | Barcode | Date last seen | Date last checked out | Price effective from | Koha item type |
|---|---|---|---|---|---|---|---|---|---|---|---|---|---|
| School of Natural Sciences (SNS) | School of Natural Sciences (SNS) | 05/26/2016 | 1 | 516.362 GOS | SNS0001361 | 08/27/2024 | 08/02/2024 | 05/26/2016 | Book |
